000 01062naa a22002777a 4500
001 BR8803776
003 BR-BrBNA
005 20240918180151.0
007 ta
008 230509b bl.||||| |||| 00| 0 por d
040 _aBR-BrBNA
_bpor
_cBiblioteca Nacional de Agricultura
041 _a(Pt)
072 _aE14
090 _aE14 BR8803776
100 1 _aAguiar, G.M. de
111 1 _a25. Congresso Brasileiro de Economia e Sociologia Rural
_cSao Luis, MA (Brazil)
_d26-31 Jul 1987
245 1 _aAgricultura nordestina
260 3 _aBrasilia, DF (Brasil):
_c1987.
500 _aAnais do 25. Congresso Brasileiro de Economia e Sociologia Rural, v. 2 - Temas da atualidade Brasilia, DF (Brasil): 1987. p. 3-11 (BR8803776-AM)E14
650 _aECONOMIA AGRICOLA
650 _aDESENVOLVIMENTO RURAL
650 _aREGIAO NORDESTE
773 0 _tAnais do 25. Congresso Brasileiro de Economia e Sociologia Rural, v. 2 - Temas da atualidade
_wE14 BR8803776
_gBrasilia, DF (Brasil), 1987. p. 3-11
909 _a202404
_bLucia
_c55
_dLucia Elande
942 _cAM
_2AGRIS
999 _c319361
_d319361